Fisiología ginecológica / (Record no. 36695)

MARC details
000 -LEADER
campo de control de longitud fija 00756nam a2200229 i 4500
001 - NÚMERO DE CONTROL
campo de control 36695
003 - IDENTIFICADOR DE NÚMERO DE CONTROL
campo de control ES-MaACL
005 - FECHA Y HORA DE LA ÚLTIMA TRANSACCIÓN
campo de control 20251013210920.0
007 - CAMPO FIJO DE DESCRIPCIÓN FÍSICA--INFORMACIÓN GENERAL
campo de control de longitud fija t|
008 - DATOS DE LONGITUD FIJA--INFORMACIÓN GENERAL
campo de control de longitud fija 030219s1973 sp ||||1| spa d
100 1# - ENTRADA PRINCIPAL--NOMBRE DE PERSONA
Nombre de persona Boury-Heyler, Claudine.
9 (RLIN) 31029
245 10 - MENCIÓN DEL TÍTULO
Título Fisiología ginecológica /
Mención de responsabilidad, etc. por Cl. Boury-Heyler, Jean Cohen ; prefacio R. Merger ; prólogo y versión Jaime García Orcoyen.
250 ## - MENCION DE EDICION
Mención de edición 1ª ed.
260 ## - PUBLICACIÓN, DISTRIBUCIÓN, ETC.
Lugar de publicación, distribución, etc. Barcelona :
Nombre del editor, distribuidor, etc. Toray Masson,
Fecha de publicación, distribución, etc. [1973]
300 ## - DESCRIPCIÓN FÍSICA
Extensión 139 p. :
Otras características físicas il. ;
Dimensiones 26 cm.
650 04 - PUNTO DE ACCESO ADICIONAL DE MATERIA--TÉRMINO DE MATERIA
Término de materia o nombre geográfico como elemento de entrada Aparato genital femenino.
9 (RLIN) 9908
700 1# - ENTRADA AGREGADA--NOMBRE PERSONAL
Nombre de persona García Orcoyen, Jaime.
9 (RLIN) 55051
700 1# - ENTRADA AGREGADA--NOMBRE PERSONAL
Nombre de persona Merger, Robert.
9 (RLIN) 151120
700 1# - ENTRADA AGREGADA--NOMBRE PERSONAL
Nombre de persona Cohen, Jean,
Fechas asociadas al nombre 1929-
9 (RLIN) 152747
852 ## - LOCALIZACIÓN
Ubicación ES-MaACL
Número de control de estantería E-8538
Sublocalización o colección R.93020
Holdings
Estatus retirado Estado de pérdida Estado de daño No para préstamo Biblioteca de origen Biblioteca actual Ubicación en estantería Fecha de adquisición Fuente de adquisición Total de préstamos Signatura topográfica completa Código de barras Visto por última vez Precio de reemplazo Tipo de ítem Koha
        Biblioteca del Ateneo de Madrid Biblioteca del Ateneo de Madrid Depósito 2 17/01/2008     E-8538 1038569 23/02/2023 23/02/2023 Libro impreso